01132nas a2200325 4500001001000000003000900010005001700019007000300036008003400039040005400073041000900127072001300136100002200149100002200171100001700193100002000210100001800230245011600248650002000364650001300384650001300397650001500410650002800425650001400453773010500467909004000572942001800612999001900630952015700649BR9213800BR-BrBNA20231205095123.0ta230509b bl.|||p| |||| 00| 00por d aBR-BrBNAbporcBiblioteca Nacional de Agricultura a(Pt) aF08; L011 aLeite, V.B. de O.1 aAbramides, P.L.G.1 aWerner, J.C.1 aAlcantara, P.B.1 aBianchine, D.1 aProdutividade de pastagens consorciadas na regiao do cerrado central do estado de Sao Paulo. 2. Producao animal aProducao Animal aPastagem aGraminea aLeguminosa aConsorciacao de Cultura aSao Paulo0 tBoletim de Industria Animal (Brazil)xISSN 0067-9615g(Jan-Jun 1986), v. 43(1) p. 145-160wBR9213800 a202311bLúciac55dLúcia Elande 2AGRISn0cANA c148799d148799 002AGRIS4071a41918b41918cPeriódicos Agrícolash(Jan-Jun 1986), v. 43(1) p. 145-160l0r2023-11-29t01yCRePortaria Interministerial nº 164/94